Alla fine di questo libro la mia vita si autodistruggerà /
Sábháilte in:
| Príomhchruthaitheoir: | |
|---|---|
| Formáid: | LEABHAR |
| Teanga: | Iodáilis |
| Foilsithe / Cruthaithe: |
[Milano] :
Rizzoli,
2009
|
| Sraith: | 24/7
|
| Clibeanna: |
Níl clibeanna ann, Bí ar an gcéad duine le clib a chur leis an taifead seo!
|
MARC
| LEADER | 00000nam a2200000 i 4500 | ||
|---|---|---|---|
| 001 | IT\ICCU\UBO\3574089 | ||
| 003 | ItRI | ||
| 005 | 20260225172224.0 | ||
| 008 | 090212s2009 it |||||| ||||| |||||c | ||
| 020 | |a 9788817028189 | ||
| 040 | |b ita |c Arcigay Viterbo | ||
| 041 | 7 | |a ita |2 ISO-639-2 | |
| 082 | |a 858 |2 12 | ||
| 100 | 1 | |a Loan, Insy |0 IT\ICCU\UBOV\306208 |4 aut | |
| 245 | 1 | 0 | |a Alla fine di questo libro la mia vita si autodistruggerà / |c Insy Loan. |
| 260 | |a [Milano] : |b Rizzoli, |c 2009 | ||
| 300 | |a 217 p. ; |c 22 cm. | ||
| 830 | 0 | |a 24/7 |0 IT\ICCU\LO1\1047903 | |
| 942 | |2 ddc |c BK |n 0 | ||
| 952 | |0 0 |1 0 |2 ddc |4 0 |6 858_000000000000000_LOA_FIN |7 0 |9 9349 |a VT |b VT |d 2025-07-28 |e Donazione Maurizio Gregorini |i B78 |l 0 |o 858 LOA FIN |p B78 |r 2025-07-28 14:42:36 |w 2025-07-28 |x Dedica autografa |y BK | ||
| 952 | |0 0 |1 0 |4 0 |6 DOC_853_920000000000000_LOA |7 0 |9 19405 |a BO |b BO |d 2026-01-15 |i 13045 |l 0 |o DOC 853.92 LOA |p BO13045 |r 2026-01-15 23:20:48 |w 2026-01-15 |x [Sebina 5] [1 v. (2. copia)] |y BK |z 1 v. (2. copia) | ||
| 952 | |0 0 |1 0 |4 0 |6 DOC_853_920000000000000_LOA |7 0 |9 19406 |a BO |b BO |d 2026-01-15 |i 12677 |l 0 |o DOC 853.92 LOA |p BO12677 |r 2026-01-15 23:20:48 |w 2026-01-15 |x [Sebina 5] [1 v.] |y BK |z 1 v. | ||
| 999 | |c 7813 |d 7813 | ||